00877nam a2200229Ia 4500003000900000008004100009020001800050040001600068080001600084100002300100245020000123260003100323300001600354650002700370650001900397650003200416700002600448700002700474942000700501999001500508952012400523IN-BaIIA211028s9999 xx 000 0 eng d a0-85274-533-8 cIIA Library a620.17bSIL aSilk, M. G.916488 4aThe reliability of non-destructive inspectionbassessing the assessment of structures under stresscM. G. Silk, A. M. Stoneham and J. A. G. Temple  aBristolbAdam Hilgerc1987 axiii, 207p. aMaterials tests916489 aNASA thesaurus aNondestructive tests916490 aStoneham, A. M916491 aTemple, J. A. G916492 cBK c9744d9744 00104070aBANbBANcGENd0000-00-00g1017.25l0o620.17/ SILp10654r2021-11-05v1017.25w0000-00-00yBKGRs. 1017.25